000 00894cam a2200289 a 4500
001 1443681
003 OSt
005 20250901165758.0
008 851121s1985 nyuaf 001 0aeng
010 _a 85027924
020 _a0671532960
040 _aDLC
_cDLC
_dDLC
043 _an-us-ny
050 0 0 _aF 128 .54.K63 A36 1985
_bA36 1985
082 0 0 _a974.7/1043/0924
_aB
_219
100 1 _aKoch, Ed,
_d1924-2013.
245 1 0 _aPolitics /
_cEdward I. Koch with William Rauch.
260 _aNew York :
_bSimon & Schuster,
_cc1985.
300 _a255 p., [16] p. of plates :
_bill. ;
_c25 cm.
500 _aIncludes index.
600 1 0 _aKoch, Ed,
_d1924-2013.
650 0 _aMayors
_zNew York (State)
_zNew York
_vBiography.
651 0 _aNew York (N.Y.)
_xPolitics and government
_y1951-
700 1 _aRauch, William.
906 _a7
_bcbc
_corignew
_d1
_eocip
_f19
_gy-gencatlg
942 _2lcc
_cBK
999 _c9166
_d9166